000 00806nam a22002417a 4500
003 UA-OsUOA
001 30492
007 ta
008 20041110b un ||||| |||| 00| 0 ukr d
100 _aПлавскин З. И.
090 _a821.134.2(097)(0)5
_bП37
942 _cBK
040 _aUA-OsUOA
_brus
_cUA-OsUOA
_dUA-OsUOA
245 _aИспанская литература XIX - XX веков
_bучебное пособие для студентов филологических специальностей университетов
300 _a247 с.
955 _a2
041 _arus
080 _a821.134.2(097)(0)5
260 _aМ.
_bВысшая школа
_c1982
044 _aRU
650 7 _a82 Література. Літературознавство
_2UDC
999 _c316904
_d316904